书目信息 |
| 题名: |
群山漫卷逆风劲
|
|
| 作者: | 绘南 著 | |
| 分册: | ||
| 出版信息: | 苏州 古吴轩出版社 2017 |
|
| 页数: | 132页 | |
| 开本: | 21cm | |
| 丛书名: | ||
| 单 册: | ||
| 中图分类: | I217.02 | |
| 科图分类: | ||
| 主题词: | 中国文学--zhong guo wen xue--当代文学--作品集 | |
| 电子资源: | ||
| ISBN: | 978-7-5546-0983-5 | |
| 000 | 00880nam0 2200241 450 | |
| 001 | 012001005999 | |
| 005 | 20131015100626.0 | |
| 010 | @a978-7-5546-0983-5@dCNY28.00 | |
| 099 | @aCAL 012018077137 | |
| 100 | @a20180411d2017 em y0chiy50 ea | |
| 101 | 0 | @achi |
| 102 | @aCN@b320000 | |
| 105 | @aa z 000zy | |
| 106 | @ar | |
| 200 | 1 | @a群山漫卷逆风劲@Aqun shan man juan ni feng jin@f绘南著 |
| 210 | @a苏州@c古吴轩出版社@d2017 | |
| 215 | @a132页@c彩图@d21cm | |
| 330 | @a这是一部个人文学创作集。全书共分《中篇小说·群山漫卷逆风劲》《个人随笔》及《怀念亲人》三大部分, 是作者文学创作优秀成果的汇集。内容包括: 年轻人 ; 年少不知愁滋味 ; 快乐的挣扎 ; 家庭变故 ; 人之初 ; 撕心裂肺等。 | |
| 606 | 0 | @a中国文学@Azhong guo wen xue@x当代文学@j作品集 |
| 690 | @aI217.02@v5 | |
| 701 | 0 | @a绘南@Ahui nan@4著 |
| 801 | 2 | @aCN@b上海新华@c20191020 |
| 905 | @b1098388-91@dI217.02@e937@f4 | |
| 群山漫卷逆风劲/绘南著.-苏州:古吴轩出版社,2017 |
| 132页:彩图;21cm |
| ISBN 978-7-5546-0983-5:CNY28.00 |
| 这是一部个人文学创作集。全书共分《中篇小说·群山漫卷逆风劲》《个人随笔》及《怀念亲人》三大部分, 是作者文学创作优秀成果的汇集。内容包括: 年轻人 ; 年少不知愁滋味 ; 快乐的挣扎 ; 家庭变故 ; 人之初 ; 撕心裂肺等。 |
| ● |
| 相关链接 |
|
|
|
|
正题名:群山漫卷逆风劲
索取号:I217.02/937
 
预约/预借
| 序号 | 登录号 | 条形码 | 馆藏地/架位号 | 状态 | 备注 |
| 1 | 1098388 | 210983881 | 第一样本阅览室/ [索取号:I217.02/937] | 在馆 | |
| 2 | 1098389 | 210983890 | 第二借阅区/ [索取号:I217.02/937] | 在馆 | |
| 3 | 1098390 | 210983907 | 第二借阅区/ [索取号:I217.02/937] | 在馆 | |
| 4 | 1098391 | 210983916 | 第二借阅区/ [索取号:I217.02/937] | 在馆 |